| 000 | 00842 a2200205 4500 | ||
|---|---|---|---|
| 999 |
_c1799 _d1799 |
||
| 020 | _a9780415092944 | ||
| 050 | 0 | 0 | _aLB 880.H592 |
| 100 |
_aBarrow, Robin _eEditor |
||
| 245 | 0 | 0 |
_aBeyond liberal education : _bessays in honour of Paul H. Hirst / _cedited by Robin Barrow and Patricia White. |
| 264 |
_aNew York: _bRoutledge, _c1993 |
||
| 300 | _aix, 214p. : | ||
| 500 | _aIncludes bibliographical references and index. | ||
| 504 | _aIncludes bibliographical references and index. | ||
| 650 | 0 |
_aEducation _xPhilosophy. |
|
| 650 | 0 | _aEducation, Humanistic. | |
| 700 | 1 |
_aWhite, Patricia _eEditor |
|
| 856 | 4 | 2 |
_3Publisher description _uhttp://www.loc.gov/catdir/enhancements/fy0648/93018755-d.html |
| 942 |
_2lcc _cBK _h880.H592 _iBAR _kLB |
||